[Event "ISR Youth-Ch Finals 2021 U16"]
[Site "Ramat Hasharon"]
[Date "2021.03.22"]
[Round "3.12"]
[White "Hoffmann, Yair"]
[Black "Sokolovsky, Yahli"]
[Result "1/2-1/2"]
[WhiteElo "2352"]
[BlackElo "2472"]
[Annotator "TA"]
[PlyCount "82"]
[EventDate "2021.03.19"]
[EventType "swiss"]
[EventCountry "ISR"]
[SourceTitle "playchess.com"]
[Source "ChessBase"]
[SourceQuality "1"]

{[%evp 23,82,28,29,28,59,30,22,-27,10,26,62,20,55,49,43,48,48,43,80,18,39,17,33,0,0,-14,-9,-32,0,0,0,0,0,-30,0,-90,-79,-82,-83,-87,-80,-95,-35,-90,-108,-104,0,0,0,0,0,0,0,0,0,0,0,0,0,0,0]} 1. d4 Nf6 2. c4 g6 3. g3 Bg7 4. Bg2 O-O 5. Nc3 d6 6. Nf3 Nbd7 7. O-O e5 8. e4 exd4 9. Nxd4 Nc5 10. h3 Re8 11. Re1 Bd7 $1 {[%mdl 4] outshines the older 11...a5.} 12. Rb1 h6 13. f3 {E68: King's Indian: Fianchetto: 6...Nbd7 7 0-0 e5 8 e4.} a6 {[#]} 14. b4 $146 ({Predecessor:} 14. Be3 Rb8 15. Qd2 h5 16. b4 Na4 17. Nxa4 Bxa4 18. Ne2 Bd7 19. Rbd1 Qc8 20. Nf4 b5 {0-1 (40) Matlakov,M (2683)-Demchenko,A (2679) Sochi 2018}) 14... Ne6 {White must now prevent ...Nxd4.} 15. Nb3 a5 16. bxa5 Bc6 17. Be3 Ng4 18. Bd2 $1 Ne5 19. Qe2 Nd7 20. Nd5 Ndc5 21. Be3 ({White should play} 21. h4 $16) 21... Nxb3 $11 22. axb3 {Black should prevent b4.} Rxa5 23. Qd2 Qa8 24. Re2 Ra1 25. Rf1 (25. Qd1 $5) 25... h5 26. f4 Rxf1+ 27. Kxf1 Qa3 28. b4 Qb3 29. f5 (29. Qa2 $11 {remains equal.} Qd3 30. Qc2) 29... gxf5 $17 30. exf5 {[#]} Qb1+ $1 31. Re1 Qxf5+ 32. Kg1 Nd4 33. Bf4 {[#]} (33. Rf1 $15 Qe5 34. Bxd4 Qxd4+ 35. Qxd4 Bxd4+ 36. Kh1) 33... Rxe1+ $1 34. Qxe1 {Hoping for Ne7+.} Qe6 (34... Qc2 $17 35. b5 Ne2+ 36. Kh1 Bxd5 37. Bxd5 c6 {[%mdl 64] Decoy} 38. bxc6 bxc6 39. Bxc6 Qxc4) 35. Qxe6 $11 {The position is equal.} Nxe6 36. Ne7+ Kf8 37. Nxc6 {Strongly threatening Na5.} bxc6 38. Bxc6 Nxf4 39. gxf4 Bc3 40. b5 Bd2 41. f5 Kg7 {Weighted Error Value: White=0.23/Black=0.15} 1/2-1/2

[Event "ISR Youth-Ch Finals 2021 U16"]
[Site "Ramat Hasharon"]
[Date "2021.03.22"]
[Round "3.13"]
[White "Rozen, Eytan"]
[Black "Aizenberg, Benny"]
[Result "1/2-1/2"]
[WhiteElo "2399"]
[BlackElo "2307"]
[Annotator "TA"]
[PlyCount "118"]
[EventDate "2021.03.19"]
[EventType "swiss"]
[EventCountry "ISR"]
[SourceTitle "playchess.com"]
[Source "ChessBase"]
[SourceQuality "1"]

{[%evp 22,118,0,0,0,0,3,0,0,-21,-19,-22,-31,-52,-49,-50,-55,-52,-50,-141,-61,-60,-68,-70,-77,-85,-55,-59,-59,-57,-58,-55,-55,-55,-54,-84,-71,-69,-60,-60,-60,-70,-62,-67,-55,-68,-67,-70,-58,-77,-77,-77,-68,-66,-64,-66,-59,-74,-52,-56,-52,-52,-52,-52,-52,-52,-52,-54,-48,-48,0,-53,0,-48,-37,-37,-37,-37,0,-37,0,-37,-37,-37,0,-37,-4,-4,-4,-8,-4,-4,-4,-4,-4,-4,0,0,0]} 1. e4 c5 2. c3 Nf6 3. e5 Nd5 4. Nf3 Nc6 5. d4 cxd4 6. cxd4 d6 7. Bc4 Nb6 8. Bb5 dxe5 9. Nxe5 Bd7 10. Nxd7 Qxd7 11. Nc3 e6 12. O-O Rd8 {B22: Sicilian: 2 c3.} 13. Be3 Be7 14. Qf3 a6 {[#] was the old line (14...0-0).} 15. Be2 $146 ({Predecessor:} 15. Bd3 Bf6 16. Be4 O-O 17. Bxc6 Qxc6 18. Qxc6 bxc6 19. Rfd1 Nd5 20. Ne4 Rb8 21. b3 {½-½ (28) Tiviakov,S (2682)-Komarov,D (2540) Calicut 2007}) 15... Bf6 16. Ne4 Bxd4 17. Rfd1 O-O 18. Nc5 Qc7 19. Nxb7 Rd5 {White must now prevent ...Bxe3.} 20. Na5 {[#]} Bxe3 (20... Bxb2 21. Bxb6 Qxb6 22. Nc4 $15) (20... Ne5 $1 $17 21. Qg3 Bxe3 22. Rxd5 {[#]} Bxf2+ $1 {[%mdl 512]} 23. Qxf2 Nxd5) 21. Nxc6 $15 Bc5 22. Rxd5 Nxd5 23. b4 Bd6 24. Rc1 Nxb4 25. Rc4 Nxc6 ({Inferior is} 25... Nxa2 26. Qb3 $16) ({Don't play} 25... Bxh2+ $6 26. Kh1 $16) 26. Rxc6 Qb8 ({Much weaker is} 26... Bxh2+ $6 27. Kh1 $14) 27. g3 a5 28. Qb3 Bb4 29. a3 Be7 30. Qxb8 Rxb8 {[%mdl 4096] Endgame KRB-KRB} 31. Ra6 Bd8 32. a4 Rb2 33. Bd3 {Hoping for Ra8!} Kf8 34. Bb5 g6 35. h4 Bf6 36. Kf1 Bd4 37. Be2 Bb6 38. Ra8+ Kg7 39. Rb8 h6 40. Rb7 g5 41. hxg5 hxg5 42. f4 gxf4 43. gxf4 Kg6 44. Bd3+ Kf6 45. Be2 Kg6 46. Bd3+ $1 Kf6 47. Be2 $1 Rb4 {...Be3 is the strong threat.} 48. Kg2 Kg6 49. Bd3+ Kf6 50. Be2 Kg6 51. Bd3+ Kg7 52. Be2 Rb2 53. Kf1 Kf6 54. Bh5 {[%csl Gh5][%cal Rb7f7] The position is equal.} Kf5 {And now ...f6 would win.} 55. Rxf7+ Ke4 56. Rf6 Bd4 57. Rxe6+ Kxf4 58. Ke1 Rh2 59. Be8 Bc3+ {Weighted Error Value: White=0.05/Black=0.11} 1/2-1/2

[Event "ISR Youth-Ch Finals 2021 U16"]
[Site "Ramat Hasharon"]
[Date "2021.03.22"]
[Round "3.14"]
[White "Guz, Ari"]
[Black "Levin, Guy"]
[Result "1/2-1/2"]
[WhiteElo "2302"]
[BlackElo "2355"]
[Annotator "TA"]
[PlyCount "30"]
[EventDate "2021.03.19"]
[EventType "swiss"]
[EventCountry "ISR"]
[SourceTitle "playchess.com"]
[Source "ChessBase"]
[SourceQuality "1"]

{[%evp 12,30,31,34,22,20,48,40,50,47,51,44,48,32,26,22,22,27,25,20,29]} 1. c4 e5 2. g3 d5 3. cxd5 Qxd5 4. Nf3 Nc6 5. Nc3 Qd8 6. Bg2 Nf6 7. O-O h6 $1 {[%mdl 4] outshines the older 7...Be7. A29: English Opening: Four Knights Variation with 4 g3.} 8. b3 Be7 9. Bb2 O-O {White is slightly better.} 10. d3 {[#]} Bf5 $146 ({Predecessor:} 10... Be6 11. Rc1 Qd7 12. Na4 Bh3 13. Nc5 Bxc5 14. Rxc5 Bxg2 15. Kxg2 Rfe8 16. Qc1 Qd6 {0-1 (41) Wiwatanadate,P (2035)-Bellahcene,B (2510) Chess.com INT 2021}) 11. Rc1 Re8 12. Na4 e4 13. dxe4 Nxe4 14. Nd4 Nxd4 15. Qxd4 Qxd4 {Weighted Error Value: White=0.04/Black=0.04} 1/2-1/2

[Event "ISR Youth-Ch Finals 2021 U16"]
[Site "Ramat Hasharon"]
[Date "2021.03.22"]
[Round "3.15"]
[White "Musyuk, Lior"]
[Black "Zaromb, Charles Irving"]
[Result "1/2-1/2"]
[WhiteElo "2300"]
[BlackElo "1886"]
[Annotator "TA"]
[PlyCount "70"]
[EventDate "2021.03.19"]
[EventType "swiss"]
[EventCountry "ISR"]
[SourceTitle "playchess.com"]
[Source "ChessBase"]
[SourceQuality "1"]

{[%evp 14,70,0,0,10,0,4,0,0,0,4,7,6,-18,-19,-9,-17,-19,-17,-10,-22,-97,-29,-26,-29,-75,-76,-70,-59,-64,0,0,0,0,0,0,5,5,5,4,17,18,20,0,5,5,5,0,0,0,0,0,0,0,0,0,8,0,0]} 1. e4 e6 2. d4 d5 3. Nc3 Bb4 4. Nge2 dxe4 5. a3 Bxc3+ 6. Nxc3 Nc6 7. d5 exd5 8. Qxd5 Be6 {C15: French: 3 Nc3 Bb4: Unusual White 4th moves.} 9. Qxe4 Nf6 10. Qh4 Bf5 11. Bb5 Bxc2 12. O-O O-O {[#]} 13. Bg5 $146 {[#] Rac1 is the strong threat.} ({Predecessor:} 13. Bxc6 bxc6 14. Bg5 h6 15. Bxf6 Qxf6 16. Qxf6 gxf6 17. Rfc1 Bd3 18. Na2 Rfb8 19. Rxc6 Rxb2 20. Rxc7 {½-½ (30) Westerberg,J (2523)-Johansson,L (2464) Sweden 2019}) 13... Nd4 14. Rad1 c5 15. Rd2 {And now Rxc2! would win.} Bg6 16. Bc4 Qb6 17. Qh3 (17. b4 $11 Nf5 18. Qf4 cxb4 19. Bxf6 bxc3 20. Bxc3) 17... Ne4 (17... h6 $17 18. Bxf6 Qxf6) 18. Nxe4 $11 Bxe4 19. f3 Bf5 20. Qh4 Rac8 21. Be3 Be6 ({Better is} 21... Rfe8 $15 22. Qf4 Be6 23. Bxe6 Nxe6) 22. Bxd4 {The position is equal.} cxd4 23. Bxe6 d3+ 24. Qf2 Qxf2+ 25. Rfxf2 fxe6 26. Rxd3 {[%mdl 4096] Endgame KRR-KRR} Rc7 27. Re2 Kf7 28. f4 Re8 29. Rde3 Ree7 30. Re5 g6 31. h4 Rc6 32. h5 Rd7 33. Kf2 Rd3 34. g3 Kf6 35. Kg2 Rb6 {Weighted Error Value: White=0.10/Black=0.09} 1/2-1/2

[Event "ISR Youth-Ch Finals 2021 U16"]
[Site "Ramat Hasharon"]
[Date "2021.03.22"]
[Round "3.16"]
[White "Yaniv, Yuval"]
[Black "Gleizer, Adar"]
[Result "1-0"]
[WhiteElo "2272"]
[BlackElo "1833"]
[Annotator "TA"]
[PlyCount "63"]
[EventDate "2021.03.19"]
[EventType "swiss"]
[EventCountry "ISR"]
[SourceTitle "playchess.com"]
[Source "ChessBase"]
[SourceQuality "1"]

{[%evp 9,62,31,37,34,46,9,23,0,12,0,0,-50,53,51,54,35,32,34,27,35,60,47,45,48,62,61,89,77,163,134,171,170,174,187,175,177,187,168,230,206,458,457,441,459,435,419,411,391,473,450,766,759,747,723,29999]} 1. c4 Nf6 2. Nc3 d5 3. cxd5 Nxd5 4. Nf3 Nxc3 5. bxc3 g6 6. h4 {A16: English Opening: 1...Nf6 with ...d5.} h5 7. Qb3 Bg7 8. e4 {White has an edge.} O-O 9. Ba3 b6 {[#]} 10. Ng5 $146 ({Predecessor:} 10. d4 c5 11. Rd1 Qc7 12. Be2 Bg4 13. O-O Nc6 14. dxc5 Ne5 15. c4 Rfc8 16. cxb6 axb6 17. Bb4 Bf6 18. Rc1 {½-½ (18) Sundararajan,K (2456)-Micottis,D (2248) Paris 2016}) 10... Ba6 (10... c5 $15) 11. Bxa6 $14 Nxa6 12. Qc4 Nc5 {[%cal Rc5d3]} 13. Bxc5 bxc5 14. Qxc5 Qd3 15. Rh3 ({But not} 15. Qxe7 $2 Bxc3 16. dxc3 Qxc3+ 17. Ke2 Rae8 $19) 15... Qc2 16. Qc4 Rab8 17. Rd3 Bf6 {White now steadily converts the win.} 18. Nf3 Rb6 (18... e6 $16) 19. Ke2 Rfb8 20. e5 Bg7 21. Ng5 e6 22. Qf4 Rf8 23. Rd7 $40 {[%cal Rd7f7][%mdl 128] White wants a kill.} Rb5 (23... Qb2 $142 24. Rxf7 Qb5+ 25. Kd1 Rbb8) 24. Rxf7 $18 Rbb8 {[#]} (24... Rxe5+ {was worth a try.} 25. Kf1 Rf5 26. Rxg7+ Kxg7 27. Qxc7+ R8f7 28. Nxf7 Qd3+ 29. Kg1 Rxf7 30. Qe5+ {[%mdl 64] Double Attack} Rf6 31. Qc7+ Rf7 32. Qe5+ {[%mdl 64] Double Attack} Rf6) 25. Rxg7+ $1 {[%mdl 64] Decoy} Kxg7 26. Nxe6+ Kg8 27. Nxf8 Rxf8 28. Qc4+ Rf7 29. f3 Kg7 (29... Qf5 $142 30. Qe4 Qxe4+ 31. fxe4 Kf8) 30. e6 Re7 31. Qd4+ Kf8 32. Qh8# {Weighted Error Value: White=0.08/Black=0.65} 1-0

[Event "ISR Youth-Ch Finals 2021 U16"]
[Site "Ramat Hasharon"]
[Date "2021.03.22"]
[Round "4.12"]
[White "Sokolovsky, Yahli"]
[Black "Guz, Ari"]
[Result "1/2-1/2"]
[WhiteElo "2472"]
[BlackElo "2302"]
[Annotator "TA"]
[PlyCount "113"]
[EventDate "2021.03.19"]
[EventType "swiss"]
[EventCountry "ISR"]
[SourceTitle "playchess.com"]
[Source "ChessBase"]
[SourceQuality "1"]

{[%evp 15,113,18,20,20,18,20,38,35,58,41,59,35,60,60,60,73,70,67,62,55,94,42,81,81,86,81,80,81,79,62,58,55,70,38,51,47,51,32,63,56,56,48,56,56,56,56,57,48,54,53,57,59,78,60,78,25,59,36,72,34,51,15,20,20,29,35,66,0,0,0,0,-158,0,0,0,0,0,0,0,0,0,0,0,0,0,0,0,0,0,0,0,0,0,0,0,0,0,0,0,0]} 1. e4 c6 2. d4 d5 3. exd5 cxd5 4. Bd3 Nc6 {[%cal Bb8c6,Bc6e5,Be5c4][%mdl 32]} 5. c3 Nf6 6. h3 e5 7. dxe5 Nxe5 8. Qe2 Qe7 9. Bc2 $1 {[%mdl 4] now scores much better than the old 9.Bb5+. B13: Caro-Kann: Exchange Variation and Panov-Botvinnik Attack.} Nc4 10. Nd2 Qxe2+ 11. Nxe2 {White is slightly better.} Bd6 {[#]} 12. O-O $146 ({Predecessor:} 12. Nxc4 dxc4 13. Bf4 Bxf4 14. Nxf4 Bd7 15. O-O-O O-O-O 16. Rd4 b5 17. Rhd1 Bc6 18. g3 Rxd4 19. Rxd4 {½-½ (41) Koziej,M (2010)-Szczecina,M (2100) Swietokrzyskie 2010}) 12... O-O 13. Rd1 {[#] Hoping for Nxc4.} Nxd2 14. Bxd2 h6 15. Be3 Be6 16. Nd4 Bd7 17. a4 a6 18. Nb3 (18. Nf5 $16 Bxf5 19. Bxf5) 18... b5 19. Bc5 bxa4 20. Bxd6 axb3 21. Bxb3 Rfe8 22. Re1 Re6 23. Bb4 Bb5 24. Bc5 Rae8 25. Be3 Rb8 26. Ba2 Bc4 27. b3 Bb5 ({But not} 27... Bxb3 $2 28. Reb1 $18) 28. b4 Rc8 29. Bd4 Rxe1+ 30. Rxe1 Ne4 31. Re3 Bc4 32. Bb1 Nd6 33. Rg3 g5 34. Re3 Re8 35. Be5 ({White should try} 35. Rxe8+ $16 Nxe8 36. f4) 35... Nb5 36. Kh2 (36. Bf5 {looks sharper.} Na7 37. Kh2 Nc6 38. Bd4 Rxe3 39. Bxe3 f6 40. Bd7) 36... Na7 37. Kg3 (37. h4 {is interesting.} gxh4 38. Kh3 Nc6 39. Bf4 Rd8 40. Bxh6 d4 41. cxd4 Nxb4 42. Bf5) 37... Nc6 38. f4 (38. Bf6 {keeps more tension.} Rxe3+ 39. fxe3 a5 40. bxa5 Nxa5 41. h4) 38... Nxe5 39. Rxe5 gxf4+ 40. Kxf4 $11 {[%mdl 4096] Endgame KRB-KRB} Ra8 41. Kf5 (41. Ke3 $14) 41... a5 42. bxa5 Rxa5 43. Be4 $2 {[#]} Ra3 $2 ({Black should play} 43... f6 $1 $17 {[%cal Rf6e5]} 44. Kxf6 Ra6+ 45. Ke7 dxe4 46. Rxe4 Bb3) 44. Bxd5 {The position is equal.} Bxd5 45. Rxd5 Rxc3 {KR-KR} 46. Rd4 Rc5+ 47. Kf4 Kg7 48. Rd6 Rc4+ 49. Kg3 Rc3+ 50. Kh4 Rc4+ 51. g4 Ra4 52. Rd5 Ra3 53. Rf5 Kg6 54. Rf1 Rb3 55. Rg1 $1 Rb4 56. Ra1 h5 57. Ra6+ {Weighted Error Value: White=0.15/Black=0.13} 1/2-1/2

[Event "ISR Youth-Ch Finals 2021 U16"]
[Site "Ramat Hasharon"]
[Date "2021.03.22"]
[Round "4.13"]
[White "Levin, Guy"]
[Black "Rozen, Eytan"]
[Result "1-0"]
[WhiteElo "2355"]
[BlackElo "2399"]
[Annotator "RC"]
[PlyCount "167"]
[EventDate "2021.03.19"]
[EventType "swiss"]
[EventCountry "ISR"]
[SourceTitle "playchess.com"]
[Source "ChessBase"]
[SourceQuality "1"]
[TimeControl "5400+30"]

1. c4 {[%emt 0:00:00]} Nf6 {[%emt 1:30:30]} 2. Nf3 {[%emt 0:00:07]} g6 {[%emt 0:00:00]} 3. g3 {[%emt 0:00:10]} Bg7 {[%emt 0:00:00]} 4. Bg2 {[%emt 0:00:04]} O-O {[%emt 0:00:00]} 5. O-O {[%emt 0:00:14]} b6 {[%emt 0:00:00]} 6. Nc3 {[%emt 0:01:14]} Bb7 {[%emt 0:00:00]} 7. Re1 {[%emt 0:00:09]} c5 {[%emt 0:00:00]} 8. e4 {[%emt 0:00:59]} Nc6 {[%emt 0:00:00]} 9. d3 {[%emt 0:02:15]} e6 {[%emt 0:00:00]} 10. Bf4 {[%emt 0:17:57]} d5 {[%emt 0:00:00]} 11. e5 {[%emt 0:11:50]} Ne8 {[%emt 0:00:00]} 12. cxd5 {[%emt 0:00:46]} exd5 {[%emt 0:00:00]} 13. d4 {[%emt 0:03:57]} Nc7 {[%emt 0:00:00]} 14. Qd2 {[%emt 0:01:44]} Qd7 {[%emt 0:00:00]} 15. Rad1 {[%emt 0:01:30]} cxd4 {[%emt 0:00:00]} 16. Ne2 {[%emt 0:04:30]} Ne6 {[%emt 0:00:00]} 17. Nexd4 {[%emt 0:02:31]} Ncxd4 {[%emt 0:00:00]} 18. Nxd4 {[%emt 0:00:03]} Nxf4 {[%emt 0:00:00]} 19. gxf4 {[%emt 0:07:11]} Rfe8 {[%emt 0:00:00]} 20. Qe3 {[%emt 0:02:06]} Re7 {[%emt 0:00:00]} 21. Qg3 {[%emt 0:06:01]} Rae8 {[%emt 0:00:00]} 22. h4 {[%emt 0:08:14]} Bc8 {[%emt 0:00:00]} 23. Ne2 {[%emt 0:04:52]} Bb7 {[%emt 0:00:00]} 24. Bxd5 {[%emt 0:00:39]} Bxd5 {[%emt 0:00:00]} 25. Nc3 {[%emt 0:00:02]} Qe6 {[%emt 0:00:00]} 26. Nxd5 {[%emt 0:06:21]} Rd7 {[%emt 0:00:00]} 27. Nc3 {[%emt 0:00:55]} Rxd1 {[%emt 0:00:00]} 28. Rxd1 {[%emt 0:00:15]} f6 {[%emt 0:00:00]} 29. Nd5 {[%emt 0:02:01]} Qf7 {[%emt 0:00:00]} 30. exf6 {[%emt 0:05:02]} Bxf6 {[%emt 0:00:00]} 31. Nxf6+ {[%emt 0:01:23]} Qxf6 {[%emt 0:00:00]} 32. h5 {[%emt 0:00:02]} Kg7 {[%emt 0:06:45]} 33. Rd7+ {[%emt 0:01:38]} Re7 {[%emt 0:00:01]} 34. h6+ {[%emt 0:00:15]} Kf7 {[%emt 0:01:18]} 35. Qb3+ {[%emt 0:01:52]} Ke8 {[%emt 0:02:19]} 36. Rxe7+ {[%emt 0:01:32]} Kxe7 {[%emt 0:00:26]} 37. Qa3+ {[%emt 0:00:21]} Kd8 {[%emt 0:02:44]} 38. Qxa7 {[%emt 0:00:39]} Qe6 {[%emt 0:00:37]} 39. Kh2 {[%emt 0:01:34]} Qd6 {[%emt 0:00:47]} 40. Qf7 {[%emt 0:00:15]} Qc5 {[%emt 0:01:11]} 41. Qg8+ {[%emt 0:00:13]} Kc7 {[%emt 0:00:05]} 42. Qxh7+ {[%emt 0:00:05]} Kb8 {[%emt 0:00:09]} 43. Qh8+ {[%emt 0:00:28]} Ka7 {[%emt 0:00:03]} 44. Kg3 {[%emt 0:00:07]} Qc1 {[%emt 0:00:15]} 45. Qg7+ {[%emt 0:04:45]} Ka6 {[%emt 0:00:02]} 46. h7 {[%emt 0:00:26]} Qg1+ {[%emt 0:00:05]} 47. Kf3 {[%emt 0:00:22]} Qd1+ {[%emt 0:00:11]} 48. Ke4 {[%emt 0:00:20]} Qc2+ {[%emt 0:01:46]} 49. Ke3 {[%emt 0:02:04]} Qc1+ {[%emt 0:00:38]} 50. Kd3 {[%emt 0:00:01]} Qd1+ {[%emt 0:00:39]} 51. Kc4 {[%emt 0:00:46]} Qe2+ {[%emt 0:01:10]} 52. Kd5 {[%emt 0:00:11]} Qb5+ {[%emt 0:00:54]} 53. Ke6 {[%emt 0:00:25]} Qf5+ {[%emt 0:00:06]} 54. Ke7 {[%emt 0:00:07]} Qe4+ {[%emt 0:00:09]} 55. Kf7 {[%emt 0:00:50]} Qd5+ {[%emt 0:00:53]} 56. Kxg6 {[%emt 0:00:27]} Qe4+ {[%emt 0:00:53]} 57. f5 {[%emt 0:00:26]} Qg4+ {[%emt 0:00:04]} 58. Kf6 {[%emt 0:00:19]} Qd4+ {[%emt 0:00:05]} 59. Kf7 {[%emt 0:00:15]} Qd5+ {[%emt 0:01:21]} 60. Kg6 {[%emt 0:00:44]} Qg2+ {[%emt 0:00:23]} 61. Kf6 {[%emt 0:00:04]} Qc6+ {[%emt 0:00:06]} 62. Ke5 {[%emt 0:00:32]} Qc5+ {[%emt 0:00:02]} 63. Ke4 {[%emt 0:00:45]} Qc2+ {[%emt 0:00:12]} 64. Kf3 {[%emt 0:00:39]} Qxf5+ {[%emt 0:00:32]} 65. Kg3 {[%emt 0:00:02]} Qd3+ {[%emt 0:00:03]} 66. f3 {[%emt 0:00:28]} Qd6+ {[%emt 0:00:04]} 67. f4 {[%emt 0:00:51]} Qd3+ {[%emt 0:00:05]} 68. Kh4 {[%emt 0:00:11]} Qe4 {[%emt 0:00:04]} 69. h8=Q {[%emt 0:01:06]} Qxf4+ {[%emt 0:00:08]} 70. Kh5 {[%emt 0:00:17]} Qh2+ {[%emt 0:00:29]} 71. Kg6 {[%emt 0:00:10]} Qg2+ {[%emt 0:00:12]} 72. Kh7 {[%emt 0:00:16]} Qe4+ {[%emt 0:00:34]} 73. Qg6 {[%emt 0:00:17]} Qh4+ {[%emt 0:00:02]} 74. Kg7 {[%emt 0:01:24]} Qe7+ {[%emt 0:00:04]} 75. Qf7 {[%emt 0:00:16]} Qg5+ {[%emt 0:00:10]} 76. Kf8 {[%emt 0:00:38]} Qc5+ {[%emt 0:00:13]} 77. Qe7 {[%emt 0:00:26]} Qc8+ {[%emt 0:00:29]} 78. Qe8 {[%emt 0:00:21]} Qf5+ {[%emt 0:00:11]} 79. Ke7 {[%emt 0:00:21]} Qc5+ {[%emt 0:00:22]} 80. Kd8 {[%emt 0:00:12]} Qg5+ {[%emt 0:00:39]} 81. Qe7 {[%emt 0:00:30]} Qd5+ {[%emt 0:00:04]} 82. Qd7 {[%emt 0:00:22]} Qg5+ {[%emt 0:00:03]} 83. Kc8 {[%emt 0:00:24]} Qc5+ {[%emt 0:00:19]} 84. Kb8 {[%emt 0:00:11]} 1-0

[Event "ISR Youth-Ch Finals 2021 U16"]
[Site "Ramat Hasharon"]
[Date "2021.03.22"]
[Round "4.14"]
[White "Aizenberg, Benny"]
[Black "Hoffmann, Yair"]
[Result "1-0"]
[WhiteElo "2307"]
[BlackElo "2352"]
[Annotator "TA"]
[PlyCount "125"]
[EventDate "2021.03.19"]
[EventType "swiss"]
[EventCountry "ISR"]
[SourceTitle "playchess.com"]
[Source "ChessBase"]
[SourceQuality "1"]

{[%evp 9,125,11,11,10,13,7,14,7,16,-5,2,-6,0,0,6,0,30,21,29,15,25,2,11,4,16,0,10,19,10,19,97,37,37,37,37,37,53,47,61,59,93,92,103,81,93,93,93,91,161,139,144,114,116,93,150,162,166,160,246,247,416,427,612,585,535,505,414,357,1782,852,828,832,824,787,1425,1358,29982,1401,29983,29984,29987,29979,1766,1754,1237,1018,1229,1017,4133,4133,29991,1239,29984,29985,29994,29982,29993,29991,29991,29974,29972,29973,29978,29979,29981,29982,29983,29984,29982,29983,29992,29993,29993,29994,29994,29995,29995,29996]} 1. e4 c6 2. d4 d5 3. e5 Bf5 4. h4 h5 5. Bd3 Bxd3 6. Qxd3 {B12: Caro-Kann: Advance Variation.} Qa5+ 7. Nd2 {Black should prevent e6!} e6 8. Ngf3 {The position is equal.} Ne7 9. O-O Nf5 10. Nb3 Qa6 11. Qd1 Be7 12. Bg5 Nd7 13. Bxe7 Nxe7 {[#]} 14. a4 $146 ({Predecessor:} 14. Nc1 c5 15. c3 Rc8 16. Ne2 cxd4 17. cxd4 Qc4 18. Rc1 Qxa2 19. Rxc8+ Nxc8 20. Qd3 {1-0 (36) Sutovsky,E (2633)-Batsiashvili,N (2482) Douglas 2018}) 14... Nf5 15. a5 Rc8 16. c3 Qb5 17. Nc1 c5 18. Ne2 g6 19. Qd2 c4 (19... a6 $11) 20. Nf4 (20. Ng3 $16) 20... Nb8 $14 21. Qe2 Qd7 22. Rfb1 Qd8 23. g3 Nc6 24. b4 {[%cal Bb2b4,Bb4b5][%mdl 32]} Kf8 25. Ng5 Qe8 26. Kg2 Kg7 27. Rh1 Qe7 28. b5 Ncxd4 (28... Nb8 $16 {was necessary.}) 29. cxd4 $18 Nxd4 30. Qd1 Nf5 31. Re1 Rc5 {[#]} ({Black should play} 31... Rc7) 32. Ne2 $1 $16 Rxb5 {[#]} 33. Nd4 $36 {[%cal Rd4b5][%mdl 2048] White is in control.} Nxd4 (33... a6 $16 34. Nxb5 axb5) 34. Qxd4 $18 Rc5 $2 (34... Rb3 35. Qxa7 Rc8) 35. Ra3 b5 (35... c3 $142 36. Rxc3 Rxc3) 36. axb6 axb6 37. Rf3 Rf8 38. Ra1 Qc7 $2 {[#]} (38... Ra5 39. Rb1 b5) 39. Rxf7+ $1 {[%mdl 512]} Qxf7 40. Nxf7 Rxf7 41. Ra3 Rc6 42. g4 Rfc7 43. Rc3 (43. Rg3 $142 Kf8 44. gxh5 Ke7 45. hxg6 Rb7 46. Qf4 Rcc7 47. Qf7+ Kd8 48. Qg8+ Kd7 49. g7) 43... hxg4 44. Qxg4 Kh7 45. h5 Rg7 46. Kf1 {hxg6+ would kill now.} g5 47. Qf3 g4 48. Qd1 Kh6 49. Rg3 Kxh5 50. f3 (50. Rh3+ $142 Kg5 51. Qd2+ Kf5 52. Rh5+ Kg6 53. Qh6+ Kf7 54. Qf6+ Kg8 55. Qd8+ Kf7 56. Rh8 Rg8 57. Qxg8+ {[%mdl 64] Double Attack} Ke7 58. Rh7#) 50... c3 51. fxg4+ {White mates.} Kh4 52. Qe1 Kg5 53. Qc1+ Kg6 54. Rxc3 Rxc3 55. Qxc3 {[%mdl 4096] Endgame KQ-KR} Kg5 56. Qf3 Rg6 57. Kg2 Kh6 58. Qf8+ Kh7 59. Qf7+ Kh6 60. Kg3 b5 61. Kf4 d4 62. g5+ {[%mdl 64] Deflection, Decoy} Rxg5 63. Qf6+ {[%mdl 64] Double Attack.  Weighted Error Value: White=0.11/Black=0.62} 1-0

[Event "ISR Youth-Ch Finals 2021 U16"]
[Site "Ramat Hasharon"]
[Date "2021.03.22"]
[Round "4.15"]
[White "Pelech, Roee"]
[Black "Yaniv, Yuval"]
[Result "0-1"]
[WhiteElo "1757"]
[BlackElo "2272"]
[Annotator "TA"]
[PlyCount "78"]
[EventDate "2021.03.19"]
[EventType "swiss"]
[EventCountry "ISR"]
[SourceTitle "playchess.com"]
[Source "ChessBase"]
[SourceQuality "1"]

{[%evp 9,78,-2,-4,-5,0,-25,-26,-54,-57,-83,-71,-66,-70,-83,-64,-127,-111,-150,-90,-145,-151,-354,-312,-426,-371,-558,-483,-559,-572,-655,-477,-443,-397,-437,-455,-611,-585,-545,-348,-366,-321,-537,-535,-654,-676,-654,-651,-1476,-1439,-1614,-1475,-1461,-1430,-1304,-956,-1064,-1018,-29988,-29989,-29989,-29990,-29990,-29991,-29990,-29988,-29987,-29988,-29990,-9191,-29984,-1505]} 1. d4 Nf6 2. Nf3 e6 3. g3 b5 4. Bg2 Bb7 5. a4 b4 6. c4 {A46: 1 d4 Nf6 2 Nf3 e6: Torre, London and Colle Systems.} c5 7. d5 exd5 8. Nh4 {[%cal Rc4d5] Black has an edge.} g6 9. cxd5 Bg7 10. O-O O-O 11. e4 d6 {[#]} 12. Ra2 $146 (12. Bg5 $15) ({Predecessor:} 12. Nd2 Ba6 13. Re1 Nbd7 14. f4 Re8 15. Nb3 c4 16. Nd4 Nxd5 17. Ndf5 Qb6+ 18. Kh1 gxf5 19. Qxd5 {1-0 (36) Kabos,T (2337)-Umudova,N (2299) Belgium 2019}) 12... c4 $17 13. a5 Ba6 (13... Na6 $142 14. Nd2 Nc5) 14. Re1 (14. Bd2 $142 c3 15. bxc3 Bxf1 16. Qxf1) 14... Nbd7 15. f4 $2 (15. Nf3 $17) 15... Re8 16. Re3 Rb8 17. Qf3 (17. Nf3 {is a better defense.} Ng4 18. Re1) 17... Qc7 18. Nd2 Qc5 19. Bh3 Rbd8 20. Ng2 Qc7 21. Kh1 Nc5 22. g4 Nd3 23. Ra1 Nd7 24. Rxd3 cxd3 25. Ne1 $2 (25. Ne3 {was worth a try.}) 25... Nc5 $19 26. Bf1 f5 27. gxf5 gxf5 28. exf5 Rxe1 29. f6 {[#]} Qf7 $1 30. fxg7 Bb7 31. Kg1 Qxg7+ 32. Kf2 Rde8 {...Qd4+ is the strong threat.} 33. Nc4 {[#]} R8e2+ $1 {[%mdl 576] Promotion} 34. Qxe2 dxe2 {[%csl Ge1][%cal Re2f1]} 35. Kxe1 exf1=Q+ 36. Kxf1 Bxd5 37. Ne3 Be4 38. Bd2 Nb3 (38... Qh6 $142 39. Kg1 Nd3 40. Rc1 Qxf4 41. Rc8+ Kf7 42. Rc7+ Kg6 43. Rg7+ {[%mdl 64] Decoy} Kxg7 44. Nf5+ Qxf5 45. Be1 Nxe1 46. a6 Nd3 47. h4 Qf2#) 39. Rd1 Bf3 {White did not feel at home in the position after the opening.  Weighted Error Value: White=0.85/Black=0.42} (39... Qh6 $142 40. Ke1 Qxh2 41. Bc3 Bf3 42. Kf1 Qe2+ {[%mdl 64] Double Attack} 43. Kg1 Qxe3+ {[%mdl 64] Double Attack} 44. Kh2 Qf2+ 45. Kh3 Qg2+ 46. Kh4 Qg4#) 0-1